| 000 | 00000nam##2200000za#4500 |
| 001 | 9.650983 |
| 003 | CaOODSP |
| 005 | 20210615114714 |
| 007 | ta |
| 008 | 150407|2008||||xxc||||| f|0| 0 eng|d |
| 020 | |a978-0-662-47295-7 |
| 040 | |aCaOODSP|beng |
| 043 | |an-cn--- |
| 086 | 1 |aH34-186/1-2007E |
| 110 | 1 |aCanada. |bHealth Canada. |bFirst Nations and Inuit Health Branch. |
| 245 | 10|aGuide to the national aboriginal youth suicide prevention strategy, 2008 |
| 260 | |aOttawa - Ontario : |bHealth Canada. |c2008. |
| 300 | |aii, 26p. : |breferences ; |c28 cm. |
| 520 | 3 |aSummarizes policy and procedures concerning the administration and funding of the NAYSPS. |
| 563 | |aSoftcover |
| 590 | |a08-40|b2008-10-03 |
| 690 | 07|aSuicide|2gcpds |
| 690 | 07|aIndigenous peoples|2gcpds |
| 775 | 08|tGuide de mise en oeuvre de la Stratégie nationale de prévention du suicide chez les jeunes Autochtones, 2008 |w(CaOODSP)9.684047 |